[Event "Arab-ch (Women)"]
[Site "Sharjah"]
[Date "2018.02.01"]
[Round "6"]
[White "Alraqum, Shahad"]
[Black "Toubal, Hayat"]
[Result "0-1"]
[WhiteElo "1696"]
[BlackElo "1908"]
[PlyCount "80"]
[EventDate "2018.01.27"]
[EventType "swiss"]
[EventRounds "9"]
[EventCountry "UAE"]
[SourceTitle "EXT 2019"]
[Source "ChessBase"]
[SourceDate "2018.10.10"]
[SourceVersion "1"]
[SourceVersionDate "2018.10.10"]
[SourceQuality "1"]

1. d4 d5 2. Nf3 Nf6 3. e3 c6 4. Bd3 Bg4 5. Nbd2 Nbd7 6. 0-0 e5 7. dxe5 Nxe5 8. Be2 Nxf3+ 9. Nxf3 Bd6 10. h3 Bh5 11. b3 0-0 12. Bb2 Re8 13. c4 Bxf3 14. Bxf3 dxc4 15. bxc4 Qe7 16. Qc2 Rad8 17. Rad1 Rc8 18. Rfe1 Bc5 19. e4 Nd7 20. Bg4 Rcd8 21. Bxd7 Rxd7 22. Rxd7 Qxd7 23. Rd1 Qe7 24. e5 Rd8 25. Re1 Qe6 26. Qb3 b6 27. Qg3 Rd2 28. Bc1 Bxf2+ 29. Qxf2 Rxf2 30. Kxf2 Qxc4 31. e6 fxe6 32. g4 Qxa2+ 33. Kg3 a5 34. Be3 c5 35. g5 a4 36. Bf4 a3 37. Be5 Qb3+ 38. Kh4 Qb4+ 39. Kh5 g6+ 40. Kh6 Qh4# 0-1